|
|
|
|
| LEADER |
00000naa2a2200000 4500 |
| 001 |
626326 |
| 005 |
20231226154015.0 |
| 035 |
|
|
|a (RuTPU)RU\TPU\conf\25689
|
| 035 |
|
|
|a RU\TPU\conf\25633
|
| 090 |
|
|
|a 626326
|
| 100 |
|
|
|a 20180227d2018 k y0rusy50 ba
|
| 101 |
0 |
|
|a eng
|
| 102 |
|
|
|a RU
|
| 105 |
|
|
|a y z 101zy
|
| 135 |
|
|
|a drgn ---uucaa
|
| 181 |
|
0 |
|a i
|
| 182 |
|
0 |
|a b
|
| 200 |
1 |
|
|a Simulation based comparative analysis of manet routing protocols using multiple traffic types
|f S. M. Umair Arif, G. V. Arysheva
|g sci. adv. G. V. Arysheva
|
| 203 |
|
|
|a Текст
|c электронный
|
| 225 |
1 |
|
|a Информационные технологии в производстве и управлении предприятием
|
| 300 |
|
|
|a Заглавие с титульного экрана
|
| 320 |
|
|
|a [Библиогр.: с. 210 (8 назв.)]
|
| 330 |
|
|
|a Ad hoc networks are self-configuring self-healing, self-managing and self-forming networks. If two or more parties want to communicate with each other with in radio range there is no need of any centralized node like conventional client server architecture. In ad hoc network each node has two roles at the same time, host and router. Nodes can communicate with each other if they are directly in range either other nodes help to communicate by forwarding packet from source to destination. Wireless routing is much difficult as compared to wired. Error correction and detection, channel access, hidden and exposed terminal problem, limited bandwidth, fading, mobility of nodes, weather problems etc. all things are big challenges in wireless routing. This paper is on behavioral analysis of ad hoc network routing protocols on different metrics by using OPNET Modeler Educational version. The metrics used are throughput, delay, load etc. while using different traffic types e.g. Video, Email, HTTP, FTP etc. Results showed that OLSR worked the best under the created scenarios.
|
| 463 |
|
0 |
|0 (RuTPU)RU\TPU\conf\25518
|t Молодежь и современные информационные технологии
|o сборник трудов XV Международной научно-практической конференции студентов, аспирантов и молодых учёных, 04-07 декабря 2017 г., г. Томск
|f Национальный исследовательский Томский политехнический университет, Инженерная школа информационных технологий и робототехники ; под ред. С. С. Михалевич [и др.]
|v [С. 209-210]
|d 2018
|
| 610 |
1 |
|
|a электронный ресурс
|
| 610 |
1 |
|
|a труды учёных ТПУ
|
| 610 |
1 |
|
|a сравнительный анализ
|
| 610 |
1 |
|
|a маршрутизация
|
| 610 |
1 |
|
|a беспроводные сети
|
| 610 |
1 |
|
|a пропускная способность
|
| 610 |
1 |
|
|a нагрузки
|
| 700 |
|
1 |
|a Umair Arif
|b S. M.
|
| 701 |
|
1 |
|a Arysheva
|b G. V.
|c specialist in the field of electronics
|c Assistant of Tomsk Polytechnic University, Candidate of technical sciences
|f 1983-
|g Galina Vladislavovna
|3 (RuTPU)RU\TPU\pers\34229
|9 17760
|
| 702 |
|
1 |
|a Arysheva
|b G. V.
|c specialist in the field of electronics
|c Assistant of Tomsk Polytechnic University, Candidate of technical sciences
|f 1983-
|g Galina Vladislavovna
|4 727
|
| 712 |
0 |
2 |
|a Национальный исследовательский Томский политехнический университет
|b Инженерная школа неразрушающего контроля и безопасности
|b Отделение электронной инженерии
|3 (RuTPU)RU\TPU\col\23507
|
| 801 |
|
2 |
|a RU
|b 63413507
|c 20201229
|g RCR
|
| 856 |
4 |
|
|u http://earchive.tpu.ru/handle/11683/46604
|
| 942 |
|
|
|c BK
|